000 01065cam a22003257a 4500
003 CHAP
005 20220329134811.0
008 971013c19811970 r 00010 d
010 _a26162
011 _a27134
035 _a31235
040 _cCHAP
082 0 4 _a545
_bB8 1970
100 0 0 _aBurriel Martí, Fernando.
_916271
245 1 0 _aQuímica analítica cualitativa ; teoría y semimicrométodos
250 _a7 ed.
260 _aMadrid :
_bParaninfo,
_c1981 (c.1970)
300 _a599 p.
_b: ilus.
590 _aBATCH-UPD
_b10
_c20130110
_lUCH01
_h2056
590 _aBATCH-UPD
_b10
_c20130410
_lUCH01
_h1409
590 _aBATCH-UPD
_b10
_c20130914
_lUCH01
_h0437
590 _aCONVERSION
_b10
_c20130109
_lUCH01
_h1315
650 1 4 _aQuímica analítica cualitativa.
_993586
700 0 _aArribas Limeno, Siro.
_97484
700 0 _aLucena Conde, Felipe.
_968867
901 _aBK
942 _cLIBRO
949 _a545 B8 1970
_bBC
_cLIBRO
_d-72223
_eLIBRO
_h57564
_i31235
_si
949 _a545 B8 1970
_bBC
_cLIBRO
_d33724002118934
_eLIBRO
_fc.2
_gI.c/e
_h111564
_i31235
_si
999 _c26162
_d26162